00457nam a2200169Ia 4500003000400000008004100004040001600045082001600061100002400077245005900101260004800160300001000208650002200218650001000240650001500250650002200265GCL140319s9999 xx 000 0 eng d aGCL / cGCL04a781.45bP B1 aPHILLIPS, KENNETH H10aBASIC TECHNIQUES OF CONDUCTING / cPHILLIPS, KENNETH H a[S.N] : bOXFORD UNIVERSITY PRESS ، c1997 a236 P04aMUSIC - TECHNIQUE04aMUSIC04aCONDUCTING04aCHORAL CONDUCTING